Родина. 2022, спец. вып. (нояб.): Пушкин наш. И всё! (Запись № 12834465)

Подробности
000 -МАРКЕР
контрольное поле 01282nam2a2200253 4500
001 - ИДЕНТИФИКАТОР ЗАПИСИ
контрольное поле RU\NLR\BIBL_A\016253215
005 - ИДЕНТИФИКАТОР ВЕРСИИ
контрольное поле 20250625012837.0
035 ## - ДРУГИЕ СИСТЕМНЫЕ НОМЕРА
Идентификатор записи (NLR Aleph) 016253215
100 ## - ДАННЫЕ ОБЩЕЙ ОБРАБОТКИ
Данные общей обработки 20230110d2022 |||y0rusy50 ca
101 0# - ЯЗЫК РЕСУРСА
Язык текста, звукозаписи и т.д. русский
102 ## - СТРАНА ПУБЛИКАЦИИ ИЛИ ПРОИЗВОДСТВА
Страна публикации Российская Федерация
200 1# - ЗАГЛАВИЕ И СВЕДЕНИЯ ОБ ОТВЕТСТВЕННОСТИ
Основное заглавие Пушкин наш. И всё!
210 ## - ПУБЛИКАЦИЯ, РАСПРОСТРАНЕНИЕ И ДР.
Дата издания, распространения и т.д. 2022
Место издания, распространения и т.д. Б. м.
461 #0 - УРОВЕНЬ НАБОРА
Встроенное поле 001RU\NLR\INFOCOMM10\1000295511
-- 2001#$aРодина$eЕжемес. обществ.-полит., науч.-попул. ил. журн.$eИзд. газ. "Правда"$v2022, спец. вып. (нояб.)
Системный номер (АБИС) связанной записи 4305210
Место публикации М.
Дата публикации 1989 -
Имя издателя, распространителя и т.д. Правда
Сведения, относящиеся к заглавию Ежемес. обществ.-полит., науч.-попул. ил. журн. : Изд. газ. "Правда"
Заглавие Родина
ISSN 0235-7089
Номер тома 2022, спец. вып. (нояб.)
600 #1 - ИМЯ ЛИЦА КАК ПРЕДМЕТ
Начальный элемент ввода Пушкин
Часть имени, кроме начального элемента ввода А.С.
Даты 1799 - 1837
Расширение инициалов личного имени Александр Сергеевич
Формальный подзаголовок Сборники
Тематический подзаголовок Изучение в школе
Системный номер авторитетной/нормативной записи 2016379
Идентификатор авторитетной/нормативной записи RU\NLR\AUTH\66927536
607 ## - ГЕОГРАФИЧЕСКОЕ НАИМЕНОВАНИЕ КАК ПРЕДМЕТ
Географическое наименование Россия
Формальный подзаголовок Сборники
Тематический подзаголовок История
-- Материалы для педагогов
Системный номер авторитетной/нормативной записи 2423808
Идентификатор авторитетной/нормативной записи RU\NLR\AUTH\6601661745
686 1# - ИНДЕКСЫ ДРУГИХ КЛАССИФИКАЦИЙ
Индекс Ч426.21(2)315.8Пушкин.я43
686 1# - ИНДЕКСЫ ДРУГИХ КЛАССИФИКАЦИЙ
Индекс Ч426.32ф.я43
852 ## - МЕСТОНАХОЖДЕНИЕ И ШИФР ХРАНЕНИЯ
Идентификатор организации NLR
Шифр хранения (Call Number) П23/3295
942 ## - ДОПОЛНИТЕЛЬНЫЕ ЭЛЕМЕНТЫ ЗАПИСИ (АБИС)
Тип экземпляра АБИС Выпуск
980 ## - КОЛЛЕКЦИЯ
Название коллекции Национальная библиография
980 ## - КОЛЛЕКЦИЯ
Название коллекции Русская периодика

Нет доступных экземпляров.